000 00470nam a22001337a 4500
005 20211125130409.0
008 211125b ||||| |||| 00| 0 eng d
040 _cAIMIT LIBRARY
082 _a658.812 RAWS
100 _aRawat, Sudhanshu;Mago, Sanjeev.
_eSudhanshu,Rawat;Sanjeev
_910849
245 _aIT tools for enhancing CRM delivery system: quality applications for delivering CRM.
_hEnglish
260 _aNew Delhi
_bExcel Multimedia
942 _2ddc
_cCD
_k658.812 RAWS
999 _c220776
_d220776